Greek Mythology - True or False? - Statistics

General Stats
  • This quiz has been taken 399 times
  • The average score is 12 of 14
Answer Stats
Question Answer % Correct
Hades is the King of the Gods False
97%
Hera is Queen of the Gods True
97%
Hades kidnapped Persephone True
97%
Zeus's weapon is a trident False
95%
Medusa was a monster who grew two heads every time one was cut off False
95%
Artemis is the Goddess of love and beauty False
94%
Poseidon is a sea nymph False
92%
Heracles had to complete 12 labors True
91%
Asclepius was a famous hero who slayed the minotaur False
90%
The argonauts were a group of sailors and heroes going to find a fleece True
90%
Dionysus was born out of the forehead of Zeus False
85%
Poseidon invented horses True
79%
The Athenian War ended with the Trojan Horse False
70%
Apollo turned ravens black True
52%
No matching quizzes found
Score Distribution
Percent of People with Each Score
Percentile by Number Answered
Your Score History
You have not taken this quiz